| 000 | 00584cam a22002051 4500 | ||
|---|---|---|---|
| 001 | he 67002129 | ||
| 003 | DLC | ||
| 005 | 20260227111451.0 | ||
| 008 | 830512s1965 is j 000 0 heb | ||
| 010 | _ahe 67002129 | ||
| 035 | _a(OCoLC)19153095 | ||
| 040 |
_aDLC _cMH _dDLC |
||
| 042 | _apremarc | ||
| 050 | 0 | 0 |
_aPZ90.H3 _bA6733 |
| 245 | 1 | 0 |
_aYalḳuṭ pelaʼim, agadat peraḥ ha-sharakh : _bagadot ṿe-sipurim. |
| 260 |
_a[Tel Aviv] : _bMasadah, _c[1965] |
||
| 300 |
_a78 p. : _bill. (part col.) ; _c25 cm. |
||
| 700 | 1 |
_aAriel, S. Z., _d1895- _eed. |
|
| 752 |
_aIsrael _dTel Aviv |
||
| 999 |
_c32732 _d32732 |
||